000 00707nam a2200253Ia 4500
003 OSt
005 20220928115459.0
006 a|||||r|||| 00| 0
007 ta
008 220927b |||||||| |||| 00| 0 eng d
020 _c175
024 _a107621
037 _b1130, 08/03/2010, Kiran Book Service
_cTextual
040 _aSDCL
_cSDCL
_beng
041 _2eng
_aeng
082 _aV2:24'P, P7
100 _aJalan Bimal
_9403760
245 0 _aBharat ki rajniti.
260 _aNew Delhi
_bPenguin Book
_c2007
300 _axi,218p.
_ccm.
650 _aHindi
_9391598
942 _hV2:24'P, P7
_cTEXL
_2CC
999 _c759581
_d759581